Music Quiz

Random Music or Song Quiz

B.A.P Quiz (Japanese or Korean MV) Stats

 Plays Quiz not verified by Sporcle

Score 0/21 Timer 02:00
0 Plays Today
Question Answer Wrong Answers
That's My Jam Korean
81.1%
Japanese
2.3%
Both
12.4%
Coffee Shop Korean
79.9%
Japanese
7.7%
Both
8.1%
Where Are You? What Are You Doing? Korean
77.2%
Japanese
11.6%
Both
5.8%
Badman Korean
76.4%
Japanese
3.1%
Both
15.4%
Hurricane Korean
76.1%
Japanese
6.2%
Both
12.4%
1004 (Angel) Korean
75.7%
Japanese
1.2%
Both
18.1%
Rain Sound Korean
74.9%
Japanese
8.9%
Both
12.4%
Fly High Japanese
74.9%
Korean
11.6%
Both
8.5%
Skydive Korean
73.7%
Japanese
0%
Both
21.6%
Stop It Korean
73.7%
Japanese
8.1%
Both
13.5%
Young, Wild & Free Korean
72.6%
Japanese
1.2%
Both
22.4%
Warrior Both
71.4%
Korean
23.2%
Japanese
1.5%
Crash Korean
69.9%
Japanese
14.7%
Both
10%
One Shot Both
69.5%
Korean
26.3%
Japanese
1.9%
Kingdom Japanese
60.6%
Korean
13.9%
Both
20.1%
No Mercy Both
59.5%
Korean
33.2%
Japanese
2.3%
Feel So Good Both
59.1%
Korean
35.5%
Japanese
1.9%
Power Korean
56.4%
Japanese
5%
Both
35.1%
Excuse Me Japanese
52.5%
Korean
21.6%
Both
21.2%
Honeymoon Both
48.6%
Korean
44.4%
Japanese
2.3%
Wake Me Up Both
48.6%
Korean
44.4%
Japanese
1.9%

You're not logged in!

Compare scores with friends on all Sporcle quizzes.
OR
Log In

Sporcle TV

Today on Sporcle TV


Watch our educational content, quiz creation guides, and fun videos on Sporcle TV.

Show Comments

Extras

Top Quizzes Today


Score Distribution

Your Account Isn't Verified!

In order to create a playlist on Sporcle, you need to verify the email address you used during registration. Go to your Sporcle Settings to finish the process.

Report this User

Report this user for behavior that violates our Community Guidelines.

Details: